Dictionary of modern politics (Record no. 404186)

MARC details
000 -LEADER
fixed length control field 00267nam a2200097Ia 4500
082 ## - DEWEY DECIMAL CLASSIFICATION NUMBER
Classification number R 320.3 ROB
008 - FIXED-LENGTH DATA ELEMENTS--GENERAL INFORMATION
fixed length control field 210817s9999 xx 000 0 und d
100 ## - MAIN ENTRY--PERSONAL NAME
Personal name ROBERTSON, David London, 1985
9 (RLIN) 96271
245 #0 - TITLE STATEMENT
Title Dictionary of modern politics
942 ## - ADDED ENTRY ELEMENTS
item type Books

No items available.